000 00485nam a2200157Ia 4500
008 210716s1975 xx 000 0 und d
020 _a0471233986
041 _aeng
082 _a519.5 EHRA
100 _aEhrenberg, A S C.
245 _aData reduction: analysing and interprenting statistical data.
_bAnalysing and interprenting statistical data.
250 _a1
260 _aNew York
_bJohn Wiley and Sons
_c1975
300 _axvii,391
650 _aStatistical Mathematics(519.5)
999 _c203031
_d203031